Don't say yes to anything! /
Descripción Física:
31 pàg. ; 22 cm
Materias:
Fons Joan Junyer i Pascual (1909-1994)
Idioma:
English
MARC
| LEADER | 00000nam a22000007a 4500 | ||
|---|---|---|---|
| 001 | 24822 | ||
| 003 | AGDB | ||
| 005 | 20260324181538.0 | ||
| 008 | 251028b spa||||| |||| 00| 0 eng d | ||
| 041 | |a eng | ||
| 100 | |a Matthews, T. S. |q (Thomas Stanley), |d 1901-1991 |9 72707 | ||
| 245 | |a Don't say yes to anything! / |c T.S. Matthews | ||
| 260 | |a [s.n.] : |b [s.n.] , |c 1990 | ||
| 300 | |a 31 pàg. ; |c 22 cm | ||
| 500 | |a Prové del fons Joan Junyer i Pascual (1909-1994) | ||
| 500 | |a Conté dedicatòria manuscrita | ||
| 650 | |a Fons Joan Junyer i Pascual (1909-1994) |9 72777 | ||
| 942 | |2 udc |c ARXIU |n 1 | ||
| 952 | |0 0 |1 0 |4 0 |6 F504151 |7 1 |9 98571 |a Arxiu |b Arxiu |d 2025-10-28 |l 0 |o F-504-151 |p 24822 |r 2025-10-28 12:44:19 |w 2025-10-28 |y ARXIU | ||
| 999 | |c 130320 |d 130320 | ||